| 000 | 00433nam a22001577a 4500 | ||
|---|---|---|---|
| 005 | 20251108170801.0 | ||
| 008 | 250721s2000 xx 000 0 ara d | ||
| 082 | 1 | 4 | _aط/798.2/فرو |
| 245 | 1 | 0 | _aالروسية و الرماية / |
| 264 | 1 |
_aطرابلس : _bدار الشمال، _c2000. |
|
| 300 | _a47ص | ||
| 490 | 0 | _aالموسوعة الرياضية | |
| 650 | 1 | 7 | _aالفروسية |
| 942 |
_2ddc _cBK |
||
| 999 |
_c48889 _d48889 |
||